000 00316 a2200109 4500
000 nam a22 7a 4500
005 20260206171219.0
100 _aZhang, Xiao-Lei
_91114306
245 _aSpeech Signal Processing Based on Deep Learning in Complex Acoustic Environments
260 _bElsevier
_c2025
942 _cTEXL
999 _c1678852
_d1678852